• 首页
  • 本馆介绍
  • 公告通知
  • 最新文献
  • 馆藏检索
  • 电子资源
  • 读者导购
  • 参考咨询
  • 我的图书馆
  • 登录
  • 详细信息显示
  • 放入我的书架
  • 预约/预借图书
  • 作者相关作品
  • 分类相关作品
  • 丛书相关作品
  • 出版社相关作品

书目信息

  • 表格格式
  • 工作单格式
  • 卡片格式
题名:
高中生物任务式教学模式的实践与研究
    
 
作者: 宗健康 , 王玲燕 , 朱继刚 主编
分册:  
出版信息: 长春   吉林大学出版社  2017
页数: 300页
开本: 21cm
丛书名:
单 册:
中图分类: G633.912
科图分类:
主题词: 生物课--教学模式--研究--高中
电子资源:
ISBN: 978-7-5677-8920-3
000 01134nam0 2200253 450
001 012001003771
005 20130127083718.0
010    @a978-7-5677-8920-3@dCNY36.00
100    @a20181129d2017 em y0chiy50 ea
101 0  @achi
102    @aCN@b220000
105    @ay z 000yy
106    @ar
200 1  @a高中生物任务式教学模式的实践与研究@9gao zhong sheng wu ren wu shi jiao xue mo shi de shi jian yu yan jiu@f宗健康,王玲燕,朱继刚主编
210    @a长春@c吉林大学出版社@d2017
215    @a300页@d21cm
330    @a本书分为四个部分,第一部分主要从生物课堂教学的改革和发展情况对中学生物课堂采取“任务式”教学的背景进行阐述。第二部分主要从构建“任务式”教学模式的理论支撑、原则和策略等方面进行阐述。第三部分,将阐述的视点回归到生物课堂教学,主要阐述高中生物课堂如何构建“任务式”教学模式;第四部分,探索如何在信息时代背景下发展高中生物“任务式”教学模式。
606 0  @a生物课@x教学模式@x研究@x高中
690    @aG633.912@v5
701  0 @a宗健康@9zong jian kang@4主编
701  0 @a王玲燕@9wang ling yan@4主编
701  0 @a朱继刚@9zhu ji gang@4主编
801  0 @aCN@b江苏凤凰@c20191020
905    @b1218704-7@dG633.912@e147@f4
    
    高中生物任务式教学模式的实践与研究/宗健康,王玲燕,朱继刚主编.-长春:吉林大学出版社,2017
    300页;21cm
    
    
    ISBN 978-7-5677-8920-3:CNY36.00
    本书分为四个部分,第一部分主要从生物课堂教学的改革和发展情况对中学生物课堂采取“任务式”教学的背景进行阐述。第二部分主要从构建“任务式”教学模式的理论支撑、原则和策略等方面进行阐述。第三部分,将阐述的视点回归到生物课堂教学,主要阐述高中生物课堂如何构建“任务式”教学模式;第四部分,探索如何在信息时代背景下发展高中生物“任务式”教学模式。
●
相关链接 在E读中查询图书 在五车中查询图书 在当当中查询图书 在豆瓣中查询图书


正题名:高中生物任务式教学模式的实践与研究     索取号:G633.912/147         预约/预借

序号 登录号 条形码 馆藏地/架位号 状态 备注
1 1218704   212187042   第一样本阅览室/ [索取号:G633.912/147] 在馆    
2 1218705   212187051   教育系资料室/ [索取号:G633.912/147] 在馆    
3 1218706   212187060   教育系资料室/ [索取号:G633.912/147] 在馆    
4 1218707   212187079   第四借阅区/ [索取号:G633.912/147] 在馆    
唐山师范学院图书馆 欢迎您!
大连网信软件有限公司© 版权所有